00561nam a2200157Ia 4500008004100000082002000041100001800061245003300079260004000112300001000152630003300162650005300195942000900248952012900257999001700386211118s9999||||xx |||||||||||||| ||und|| a894.8123bMAD-M aMadavikutty,  0aMadavikuttyude Premakathakal bOlive PublicationsaKozhikodec1999 a237p. xMalayalam NovelGeneral Stack aMalayalam LiteraturevMalayalam FictionGeneralia cBOOK 00104070aSBCLbSBCLc2d2021-11-18g90.00l2o894.8123 MAD-Mp00101349r2025-08-18 14:56:40s2024-04-24w2021-11-18yBOOK c96154d96154